00517nam a2200169 a 450008200200000010000240002024500400004426000460008430000090013050000350013950500100017465000170018470000240020194200070022595201000023299900150033200a305.480297bSUL aSultan, Jehan Begum aAl-Hijab Or Why Purdah Is Necessary aCalcuttabThacker Spink and Companyc1922 a212p aincludes index and biblioraphy2 aindex aMuslim Women1 aSultan, Jehan Begum cBK 00104070aHMIbHMId2007-06-14g100.00l0o305.480297 SULp01257r2007-06-14w2026-01-16yEB c1642d1642